| 000 | 00371nam a2200157Ia 4500 | ||
|---|---|---|---|
| 008 | 230524s9999 xx 000 0 und d | ||
| 082 |
_a621.382 _bPAL |
||
| 100 | _aP.K.Palanisamy | ||
| 245 | 0 | _aSolid State Physics | |
| 250 | _a6TH | ||
| 260 |
_aBHUBANESWAR _bScitech _c2006 |
||
| 300 | _aXI;12.35 | ||
| 500 | _aQuantity Number: 3 | ||
| 650 | _aPhysics | ||
| 942 | _cBK | ||
| 999 |
_c45424 _d45424 |
||